000
00350nam a2200181Ia 4500
100
_a
Heath/Steve
650
_a
Embedded
250
_a
2
942
_c
BK
366
_f
20
654
_a
embedded
245
_a
Embedded system design
260
_b
Newnes
_c
2003
082
_a
3.3
_b
HEA
300
_a
430
546
_a
ENGLISH
_c
TTL
999
_c
19041
_d
19041